Football logo - Statistics

General Stats
  • This quiz has been taken 199 times
  • The average score is 19 of 24
Answer Stats
Picture Answer % Correct
FC Bayern Munich
99%
Juventus
99%
FC Barcelona
98%
AC Milan
97%
Borussia Dortmund
94%
Inter Milan
94%
Napoli
94%
Real Madrid CF
94%
Red Star FC
87%
Montpellier HSC
85%
UD Almeria
85%
Feyenoord Rotterdam
84%
AS Saint-Étienne
83%
VfL Wolfsburg
78%
Olympique de Marseille
77%
Galatasaray
76%
Eintracht Frankfurt
75%
FC Zenit Saint Petersburg
75%
Celta Vigo
73%
Cracovia
68%
Lechia Gdańsk
66%
FK Crvena zvezda
48%
Legia Warszawa
42%
ŁKS Łódź
13%
No matching quizzes found
Score Distribution
Percent of People with Each Score
Percentile by Number Answered
Your Score History
You have not taken this quiz